| 000 | 00800nam2a2200241 4500 | ||
|---|---|---|---|
| 001 | rc\2972336 | ||
| 005 | 20260315071116.0 | ||
| 035 | _a(NLR Aleph) 007206864 | ||
| 090 |
_a13629614 _c13629614 |
||
| 100 | _a20110907d1937 u y0rusy50 ca | ||
| 101 | 0 | _arus | |
| 102 | _aRU | ||
| 105 | _ay z ||||| | ||
| 200 | 1 | _aСшивка байковой простилки | |
| 210 | _d1937 | ||
| 215 | _a[2] с. | ||
| 461 | 0 |
_1001rc\2972299 _12001#$aОбмен опытом$e1-$v42 _97656598 _a"Кожевенно-обувная промышленность СССР", журнал (Москва) _c[Москва] _d1937 _nБ. и. _o1- _tОбмен опытом _v42 |
|
| 700 | 0 | _aБедеров | |
| 801 | 0 |
_aRU _bNLR _gpsbo |
|
| 801 | 1 |
_aRU _bELAR _2rusmarc |
|
| 852 |
_aNLR _j37-15/17 |
||
| 942 | _cUNSPEC | ||
| 980 | _aNB | ||